[Event "Quebec-ch U16"]
[Site "Montreal"]
[Date "2016.01.16"]
[Round "3"]
[White "Li, Yi Lin"]
[Black "Saha, Ananda"]
[Result "0-1"]
[WhiteElo "1969"]
[BlackElo "1920"]
[PlyCount "112"]
[EventDate "2016.01.15"]
[EventType "swiss"]
[EventRounds "5"]
[EventCountry "CAN"]
[SourceTitle "EXT 2017"]
[Source "ChessBase"]
[SourceDate "2016.10.25"]
[SourceVersion "1"]
[SourceVersionDate "2016.10.25"]
[SourceQuality "1"]

1. e4 c5 2. Nf3 e6 3. d4 cxd4 4. Nxd4 a6 5. Bd3 Bc5 6. Nb3 Ba7 7. 0-0 Ne7 8. e5 Nbc6 9. Bf4 Bb8 10. Re1 d6 11. exd6 Bxd6 12. Bxd6 Qxd6 13. Nc3 Qc7 14. Qg4 Ng6 15. Nd5 Qd8 16. Rad1 0-0 17. Nb4 Qf6 18. Nxc6 bxc6 19. c3 Rd8 20. Qa4 Bd7 21. Nc5 Be8 22. Be4 Rxd1 23. Rxd1 Ne5 24. h3 g6 25. Qd4 Qf4 26. Qa4 g5 27. Bc2 Qxa4 28. Bxa4 Nc4 29. Bb3 Nb6 30. Ne4 h6 31. Nf6+ Kf8 32. Rd6 Rc8 33. Kf1 Ke7 34. Nxe8 Kxe8 35. Ke2 Ke7 36. Rd3 c5 37. c4 a5 38. Rc3 Rd8 39. Bc2 Rd4 40. b3 f5 41. Rd3 Rxd3 42. Bxd3 Nd7 43. f3 Kd6 44. Bb1 Ke5 45. Ke3 Nb8 46. g3 f4+ 47. gxf4+ gxf4+ 48. Kd2 Kd4 49. Bh7 Nd7 50. Bg8 e5 51. Bd5 Nf6 52. Bc6 e4 53. fxe4 Nxe4+ 54. Bxe4 Kxe4 55. Ke2 f3+ 56. Kf2 Kf4 0-1

[Event "Pere Noel op"]
[Site "Montreal"]
[Date "2015.12.29"]
[Round "4.14"]
[White "Li, Yi Lin"]
[Black "Zumsteg, Nicolas"]
[Result "1-0"]
[WhiteElo "2010"]
[BlackElo "1755"]
[PlyCount "95"]
[EventDate "2015.12.26"]
[EventType "swiss"]
[EventRounds "5"]
[EventCountry "CAN"]
[SourceTitle "EXT 2019"]
[Source "ChessBase"]
[SourceDate "2018.10.10"]
[SourceVersion "1"]
[SourceVersionDate "2018.10.10"]
[SourceQuality "1"]

1. d4 Nf6 2. c4 g6 3. Nc3 Bg7 4. e4 d6 5. Nf3 0-0 6. Be2 e5 7. 0-0 Nc6 8. d5 Ne7 9. Ne1 Ne8 10. Be3 f5 11. f3 f4 12. Bf2 g5 13. a4 Rf7 14. c5 Bf8 15. a5 h5 16. cxd6 cxd6 17. Nb5 a6 18. Bb6 Qd7 19. Na7 Rxa7 20. Bxa7 g4 21. Qa4 g3 22. Qxd7 Bxd7 23. b4 gxh2+ 24. Kxh2 h4 25. Rh1 Rg7 26. Rb1 Nf6 27. Kg1 h3 28. Kf2 Nh5 29. Bd3 Ng3 30. Rh2 hxg2 31. Rxg2 Nc8 32. Bb6 Nxb6 33. axb6 Be7 34. Nc2 Bd8 35. Rh2 Bxb6+ 36. Ke1 Ba4 37. Kd2 a5 38. Rh6 Rd7 39. Ra1 Bxc2 40. Bxc2 axb4 41. Ra8+ Kg7 42. Rah8 Rf7 43. Ba4 Bc5 44. Be8 Re7 45. R6h7+ Kf6 46. Rf8+ Kg5 47. Rg8+ Kf6 48. Rg6# 1-0

[Event "Montreal Ligue elite du dimanche"]
[Site "Montreal"]
[Date "2015.11.14"]
[Round "6"]
[White "Fan, Run Kun"]
[Black "Li, Yi Lin"]
[Result "1-0"]
[WhiteElo "2070"]
[BlackElo "1929"]
[PlyCount "59"]
[EventDate "2015.09.20"]
[EventType "team"]
[EventRounds "5"]
[EventCountry "CAN"]
[SourceTitle "EXT 2019"]
[Source "ChessBase"]
[SourceDate "2018.10.10"]
[SourceVersion "1"]
[SourceVersionDate "2018.10.10"]
[SourceQuality "1"]

1. Nf3 d5 2. g3 c5 3. Bg2 Nc6 4. d4 cxd4 5. Nxd4 e5 6. Nxc6 bxc6 7. c4 Bb7 8. 0-0 d4 9. e3 Qd7 10. exd4 exd4 11. Re1+ Be7 12. c5 Nf6 13. Bf4 0-0 14. Rxe7 Qxe7 15. Bd6 Qd7 16. Bxf8 Rxf8 17. Nd2 Ba6 18. Qf3 Rc8 19. Rd1 Qe6 20. Qb3 Qe5 21. Nf3 Qxc5 22. Nxd4 Bc4 23. Qc2 Re8 24. Bf1 Qh5 25. Bxc4 Ng4 26. Nf3 g6 27. Kg2 Re3 28. h3 Rxf3 29. hxg4 Qxg4 30. Be2 1-0

[Event "North American-ch U20 Girls"]
[Site "Kitchener"]
[Date "2015.07.30"]
[Round "8"]
[White "Wang, Annie"]
[Black "Li, Yi Lin"]
[Result "1-0"]
[WhiteElo "2065"]
[BlackElo "1852"]
[PlyCount "83"]
[EventDate "2015.07.26"]
[EventType "swiss"]
[EventRounds "9"]
[EventCountry "CAN"]
[SourceTitle "EXT 2019"]
[Source "ChessBase"]
[SourceDate "2018.10.10"]
[SourceVersion "1"]
[SourceVersionDate "2018.10.10"]
[SourceQuality "1"]

1. d4 f5 2. c4 Nf6 3. Nc3 e6 4. Nf3 d5 5. Bf4 c6 6. e3 Bd6 7. Bd3 0-0 8. 0-0 Ne4 9. Rc1 Bxf4 10. exf4 Bd7 11. Ne5 Be8 12. f3 Nd6 13. Re1 Nd7 14. b3 Rf6 15. Qd2 Rh6 16. Qf2 Nf7 17. Nxf7 Bxf7 18. cxd5 cxd5 19. Rc2 Nb8 20. b4 Nc6 21. a3 Qb6 22. Ne2 a6 23. Rec1 Be8 24. Rc5 Na7 25. Qe3 Rd8 26. R1c3 Rf6 27. Nc1 Bb5 28. h3 Rd6 29. Bxb5 Nxb5 30. Rc2 Rf8 31. a4 Na7 32. Nd3 Nc6 33. Rb2 Rfd8 34. Ne5 Nxe5 35. Qxe5 Kf7 36. a5 Qa7 37. Rc7+ R6d7 38. Rbc2 Kf8 39. Kh1 h6 40. Rxd7 Rxd7 41. Qxe6 Rd8 42. Rc7 1-0

[Event "North American-ch U20 Girls"]
[Site "Kitchener"]
[Date "2015.07.27"]
[Round "2"]
[White "Li, Yi Lin"]
[Black "Nguyen, Duy Thien An"]
[Result "1-0"]
[WhiteElo "1852"]
[BlackElo "1555"]
[PlyCount "77"]
[EventDate "2015.07.26"]
[EventType "swiss"]
[EventRounds "9"]
[EventCountry "CAN"]
[SourceTitle "EXT 2019"]
[Source "ChessBase"]
[SourceDate "2018.10.10"]
[SourceVersion "1"]
[SourceVersionDate "2018.10.10"]
[SourceQuality "1"]

1. b4 d5 2. Bb2 Bf5 3. e3 e6 4. Nf3 Nf6 5. a3 a6 6. d4 Nbd7 7. c4 dxc4 8. Bxc4 Nb6 9. Bb3 Nbd5 10. 0-0 Be7 11. Qe2 Ne4 12. Nfd2 0-0 13. f4 h6 14. g4 Bh7 15. Nxe4 Bxe4 16. Nd2 Bh7 17. e4 Nb6 18. Qg2 c6 19. Rf3 Bf6 20. e5 Be7 21. f5 Nd5 22. Raf1 Qd7 23. Qh3 f6 24. Nc4 Kh8 25. Bc1 b5 26. Ne3 exf5 27. Nxf5 fxe5 28. dxe5 Bxf5 29. gxf5 Bd8 30. Bxh6 Bb6+ 31. Be3+ Kg8 32. Bxb6 Rfe8 33. Qg3 Kf8 34. Bxd5 cxd5 35. Bc5+ Kg8 36. f6 Kh8 37. Qh3+ Qxh3 38. Rxh3+ Kg8 39. f7# 1-0

[Event "McGill op"]
[Site "Montreal"]
[Date "2015.05.03"]
[Round "4"]
[White "Li, Yi Lin"]
[Black "Turcotte, Jonathan"]
[Result "1/2-1/2"]
[WhiteElo "1760"]
[BlackElo "2017"]
[PlyCount "163"]
[EventDate "2015.05.01"]
[EventType "swiss"]
[EventRounds "5"]
[EventCountry "CAN"]
[SourceTitle "EXT 2019"]
[Source "ChessBase"]
[SourceDate "2018.10.10"]
[SourceVersion "1"]
[SourceVersionDate "2018.10.10"]
[SourceQuality "1"]

1. e4 c6 2. d4 d5 3. exd5 cxd5 4. Bd3 Nc6 5. c3 Qc7 6. Nf3 Bg4 7. 0-0 e6 8. Re1 Bd6 9. h3 Bh5 10. Nbd2 Nf6 11. Qc2 0-0 12. Ng5 Bg6 13. Bxg6 hxg6 14. Ndf3 Rfe8 15. Be3 b5 16. Qd3 Rab8 17. Rac1 Na5 18. b3 Rec8 19. Qd2 Nc6 20. Qe2 Ba3 21. Rcd1 Nd8 22. Rd3 Ne4 23. Bd2 Nxd2 24. Nxd2 Qf4 25. Rg3 Bd6 26. Qd3 Qf5 27. Qxf5 gxf5 28. Rd3 Rc7 29. Kf1 Rbc8 30. Rc1 Bf4 31. Ngf3 Nb7 32. g3 Bh6 33. Ke2 Nd6 34. Rc2 f6 35. b4 Ne4 36. Nb1 g5 37. Nfd2 a5 38. a3 axb4 39. axb4 Bf8 40. Nxe4 fxe4 41. Rdd2 Bxb4 42. Rb2 Bxc3 43. Nxc3 Rxc3 44. Rxb5 Rc2 45. Rb6 Rxd2+ 46. Kxd2 Kf7 47. Rb3 Rc4 48. Ke3 f5 49. h4 f4+ 50. gxf4 gxh4 51. Rb7+ Kg6 52. Re7 Rc3+ 53. Ke2 Kf6 54. Rh7 h3 55. Rh8 Rd3 56. Rh5 Kg6 57. Rh8 Kf5 58. Rh6 Rxd4 59. Rxh3 Kxf4 60. Rh6 Ke5 61. Ke3 Rd3+ 62. Ke2 Rf3 63. Rh5+ Rf5 64. Rh8 d4 65. Rd8 d3+ 66. Ke1 Rh5 67. Rf8 Rh1+ 68. Kd2 Ra1 69. f4+ exf3 70. Rxf3 Ra3 71. Re3+ Kf5 72. Rf3+ Kg5 73. Re3 Kf5 74. Rf3+ Kg4 75. Re3 Ra2+ 76. Kxd3 Ra3+ 77. Ke4 Rxe3+ 78. Kxe3 Kg5 79. Ke4 Kf6 80. Kf4 e5+ 81. Ke4 Ke6 82. Ke3 1/2-1/2